Detalles MARC
| 000 -LÍDER |
| Campo fijo de descripción fija |
02655cam a2200385 i 4500 |
| 001 - NÚMERO DE CONTROL |
| Campo de control |
17781056 |
| 003 - IDENTIFICADOR DEL NÚMERO DE CONTROL |
| Campo de control |
CO-MdFUSB |
| 005 - FECHA Y HORA DE LA ULTIMA TRANSACCIÓN |
| control field |
20190202100423.0 |
| 008 - ELEMENTOS DE LONGITUD FIJA -- INFORMACIÓN GENERAL |
| Campo fijo de descripción fija -- Información general |
130617t20131957miub g b 001 0 eng |
| 010 ## - NÚMERO DE CONTROL DE LA BIBLIOTECA DEL CONGRESO |
| Número de control LC |
2013015995 |
| 020 ## - NÚMERO INTERNACIONAL NORMALIZADO PARA LIBROS |
| Número Internacional Normalizado del libro |
9780801039713 (pbk.) |
| 040 ## - FUENTE DE CATALOGACIÓN |
| Agencia de catalogación original |
DLC |
| Idioma de catalogación |
spa |
| Agencia que realiza la transcripción |
CO-MdFUSB |
| Convenciones de la descripción |
rda |
| Agencia que realiza la modificación |
CO-MdFUSB |
| 041 ## - CÓDIGO DE IDIOMA |
| Código de idioma para texto/pista de sonido o título separado |
eng |
| 042 ## - AUTHENTICATION CODE |
| Authentication code |
pcc |
| 082 00 - NÚMERO DE CLASIFICACIÓN DECIMAL DEWEY |
| Número de la edición del Dewey |
24 |
| Número de clasificación |
G 270.1 |
| Clave de autor-Numero de item |
N532n |
| 245 12 - TÍTULO |
| Título del Material |
A New Eusebius |
| Parte restante del título - Subtitulo |
: documents illustrating the history of the church to AD 337 |
| Mención de responsabilidad, etc. |
/ editado por J. Stevenson. |
| 250 ## - MENCIÓN DE EDICIÓN |
| Mención de edición |
Revisado / por W.H.C. Frend. |
| 264 #1 - PRODUCCIÓN, PUBLICACIÓN, DISTRIBUCIÓN, MANUFACTURA, Y COPYRIGHT |
| Lugar de producción, publicación, distribución, manufactura |
Grand Rapids, Michigan : |
| Nombre del productor, publicador, distribuidor |
Baker Academic, a division of Baker Publishing Group, |
| Fecha de producción, publicación, distribución, manufactura, o copyright |
℗2013 |
| 264 #4 - PRODUCCIÓN, PUBLICACIÓN, DISTRIBUCIÓN, MANUFACTURA, Y COPYRIGHT |
| Fecha de producción, publicación, distribución, manufactura, o copyright |
©1957 |
| 300 ## - DESCRIPCIÓN FÍSICA |
| Extensión |
xxvi, 463 páginas : |
| Otros detalles físicos |
mapas ; |
| Dimensiones |
23 cm |
| 336 ## - TIPO DE CONTENIDO |
| Fuente |
rdacontent |
| Término de tipo de contenido |
texto |
| Código de tipo de contenido |
txt |
| 337 ## - TIPO DE MEDIO |
| Fuente |
rdamedia |
| Nombre del tipo de medio |
sin mediación |
| Código del tipo de medio |
n |
| 338 ## - TIPO DE SOPORTE |
| Fuente |
rdacarrier |
| Nombre del tipo de soporte |
volumen |
| Código Tipo de soporte |
nc |
| 501 ## - NOTA DE “CON” |
| Nota de Contenido |
Incluye índice (páginas 453- 463) |
| 504 ## - NOTA DE BIBLIOGRAFÍA, ETC. |
| Nota de bibliografía, etc |
Bibliografía (páginas 450-452) |
| 505 ## - NOTA DE CONTENIDO |
| Nota de contenido con formato preestablecido |
La iglesia en el primer siglo DC; Persecución, conflicto, organización -- Conflictos con los mundos grecorromano y judío en el siglo II -- Teología, ética y escatología hasta el año 150 dC -- Apologética cristiana en el siglo II -- Gnosis y gnosticismo -- Marción -- Cristianismo judío ; Encratismo (Ascetismo Severo) -- Montanismo -- El surgimiento de la ortodoxia; Ireneo -- Credos y cánones de las escrituras al año 200 dC -- Crítica pagana del cristianismo al año 200 DC -- Controversias en Roma, 190-230 -- El Oriente cristiano, 200-30 -- África del Norte, 195-230; Tertuliano y Minucio Félix -- La Iglesia en Alejandría, 180-210 -- Origen -- La Persecución Decian, 250-1 -- Cipriano de Cartago; Relaciones con Roma y el Cisma Novatianista -- La persecución de Valeriano, 257-60 -- Dionisio de Alejandría y Dionisio de Roma, 259-64 -- Pablo de Samosata -- Mani y su religión -- La gran persecución, 303-12 -- Constantino y el final de la persecución, 310-13 -- Disciplina de la iglesia, c. 300-20 -- El estallido del Cisma donatista, 304-21 -- Licinio y los cristianos -- Constantino y los cristianos -- Estallido de la controversia arriana, c. 318 -- El concilio de Nicea -- El surgimiento de Atanasio -- El imperio cristiano |
| 650 #7 - ASIENTO SECUNDARIO DE MATERIA - TERMINO TEMÁTICO |
| Término temático o nombre geográfico como elemento de entrada |
Iglesia |
| Subdivisión general |
Historia |
| Subdivisión cronológica |
(Iglesia primitiva), ca. 0030-0600 |
| Fuente del encabezamiento o término |
|
| 9 (RLIN) |
659 |
| 650 #7 - ASIENTO SECUNDARIO DE MATERIA - TERMINO TEMÁTICO |
| Término temático o nombre geográfico como elemento de entrada |
Padres de la Iglesia |
| 9 (RLIN) |
59 |
| 700 1# - ASIENTO SECUNDARIO - NOMBRE PERSONAL |
| Nombre personal |
Stevenson, James, |
| Fechas asociadas con el nombre |
1901-1983, |
| Responsabilidad |
editor of compilation. |
| 906 ## - LOCAL DATA ELEMENT F, LDF (RLIN) |
| a |
7 |
| b |
cbc |
| c |
orignew |
| d |
1 |
| e |
ecip |
| f |
20 |
| g |
y-gencatlg |
| 942 ## - TIPO DE MATERIAL (KOHA) |
| Tipo de Item KOHA |
Libros General |